000 00309nam a22001337a 4500
003 SGT
082 _a615.19
_bDEV
100 _aDEVALIYA, DR. ROOPAM
245 _aPHARMACEUTICAL CHEMISTRY -I
260 _aINDIA
_bAITBS PUB.
_c2024
300 _a164
650 _aPHARMACEUTICAL CHEMISTRY
942 _2ddc
_cBK
999 _c33052
_d33052